| 000 | 01630nam0a2200361 4500 | ||
|---|---|---|---|
| 001 | RU\NLR\BIBL_A\022590454 | ||
| 005 | 20260420051236.0 | ||
| 010 |
_a978-5-600-04498-2 _9500 |
||
| 021 |
_aRU _bКН-П-25-031789 _9КН-П-25-3145 |
||
| 035 | _a(NLR Aleph) 022590454 | ||
| 090 |
_a13679261 _c13679261 |
||
| 100 | _a20250724d2025 k y0rusy50 ca | ||
| 101 | 0 |
_arus _deng |
|
| 102 | _aRU | ||
| 105 | _aab z 000yy | ||
| 181 | 0 |
_ai _baxxe |
|
| 182 | 0 | _an | |
| 200 | 1 |
_aСравнительное исследование адаптации организма человека к условиям горного и морского климата _eмонография _fВ. Ю. Ханалиев, Р. Г. Сулейманова, У. А. Магомедова |
|
| 203 |
_aТекст _bвизуальный _cнепосредственный |
||
| 210 |
_aМосква _cГЕОМЕД _d2025 |
||
| 215 |
_a115 с. _cтабл., цв. карты _d21 |
||
| 300 | _aРез. англ. | ||
| 320 | _aБиблиогр.: с. 110–112 и в подстроч. примеч. | ||
| 606 | 1 |
_aОрганизм _xАдаптация к горному климату _92678288 _3RU\NLR\AUTH\6601760359 |
|
| 606 | 1 |
_aОрганизм _xАдаптация к морскому климату _92678289 _3RU\NLR\AUTH\6601760360 |
|
| 686 | 1 | _aР120.117.8 | |
| 700 | 1 |
_aХаналиев _bВ. Ю. _gВисампаша Юсупович |
|
| 701 | 1 |
_aСулейманова _bР. Г. |
|
| 701 | 1 |
_aМагомедова _bУ. А. |
|
| 942 | _cBOOK | ||
| 980 | _aNB | ||